U.S. Supreme Court: zur Wirksamkeit grenzüberschreitender Gerichtsstandsklauseln in Verbraucherverträgen

Saved in:
Bibliographic Details
Main Author: Jayme, Erik (Author)
Format: Article (Journal)
Language:German
Published: 1993
In: IPRax
Year: 1993, Volume: 13, Pages: 42-43
ISSN:0720-6585
Online Access: Get full text
Author Notes:Erik Jayme

MARC

LEADER 00000caa a22000002c 4500
001 1638547653
003 DE-627
005 20220816034726.0
007 tu
008 151221s1993 xx ||||| 00| ||ger c
035 |a (DE-627)1638547653 
035 |a (DE-576)45357128X 
035 |a (DE-599)BSZ45357128X 
035 |a (OCoLC)1341186347 
040 |a DE-627  |b ger  |c DE-627  |e rda 
041 |a ger 
084 |a 19  |2 sdnb 
100 1 |a Jayme, Erik  |d 1934-2024  |e VerfasserIn  |0 (DE-588)121171663  |0 (DE-627)081131968  |0 (DE-576)161580092  |4 aut 
245 1 0 |a U.S. Supreme Court  |b zur Wirksamkeit grenzüberschreitender Gerichtsstandsklauseln in Verbraucherverträgen  |c Erik Jayme 
264 1 |c 1993 
300 |a 2 
336 |a Text  |b txt  |2 rdacontent 
337 |a ohne Hilfsmittel zu benutzen  |b n  |2 rdamedia 
338 |a Band  |b nc  |2 rdacarrier 
773 0 8 |i Enthalten in  |t IPRax  |d Bielefeld : Gieseking, 1981  |g 13(1993), Seite 42-43  |w (DE-627)129861103  |w (DE-600)283279-3  |w (DE-576)015171361  |x 0720-6585  |7 nnas  |a U.S. Supreme Court zur Wirksamkeit grenzüberschreitender Gerichtsstandsklauseln in Verbraucherverträgen 
773 1 8 |g volume:13  |g year:1993  |g pages:42-43  |g extent:2  |a U.S. Supreme Court zur Wirksamkeit grenzüberschreitender Gerichtsstandsklauseln in Verbraucherverträgen 
951 |a AR 
992 |a 20151221 
993 |a Article 
994 |a 1993 
998 |g 121171663  |a Jayme, Erik  |m 121171663:Jayme, Erik  |d 20000  |d 20100  |e 20000PJ121171663  |e 20100PJ121171663  |k 0/20000/  |k 1/20000/20100/  |p 1  |x j  |y j 
999 |a KXP-PPN1638547653  |e 3298126462 
BIB |a Y 
SER |a journal 
JSO |a {"physDesc":[{"extent":"2 S."}],"title":[{"title_sort":"U.S. Supreme Court","subtitle":"zur Wirksamkeit grenzüberschreitender Gerichtsstandsklauseln in Verbraucherverträgen","title":"U.S. Supreme Court"}],"id":{"eki":["1638547653"]},"name":{"displayForm":["Erik Jayme"]},"language":["ger"],"type":{"bibl":"article-journal"},"origin":[{"dateIssuedKey":"1993","dateIssuedDisp":"1993"}],"person":[{"given":"Erik","role":"aut","family":"Jayme","display":"Jayme, Erik"}],"recId":"1638547653","relHost":[{"part":{"extent":"2","year":"1993","pages":"42-43","text":"13(1993), Seite 42-43","volume":"13"},"language":["ger"],"type":{"bibl":"periodical"},"id":{"zdb":["283279-3"],"eki":["129861103"],"issn":["0720-6585"]},"titleAlt":[{"title":"Praxis des internationalen Privat- und Verfahrensrechts"}],"recId":"129861103","origin":[{"dateIssuedDisp":"1981-","publisherPlace":"Bielefeld","dateIssuedKey":"1981","publisher":"Gieseking"}],"person":[{"display":"Hess, Burkhard","given":"Burkhard","role":"edt","family":"Hess"},{"display":"Kronke, Herbert","family":"Kronke","given":"Herbert","role":"edt"}],"title":[{"title_sort":"IPRax","subtitle":"Praxis des internationalen Privat- und Verfahrensrechts","title":"IPRax"}],"pubHistory":["1.1981 -"],"disp":"U.S. Supreme Court zur Wirksamkeit grenzüberschreitender Gerichtsstandsklauseln in VerbraucherverträgenIPRax"}]} 
SRT |a JAYMEERIKUSSUPREMEC1993